Aktualizácia regionálnych inovačných dokumentov Trnavského kraja

Analýza ekonomickej a sociálnej situácie v Trnavskom kraji. Významné spoločnosti v jednotlivých odvetviach priemyslu v TT kraji. Zamestnanosť. Stratégia rozvoja inovačných aktivít v regióne.

Salvato in:
Dettagli Bibliografici
Autore principale: Hičák, Štefan, 1983-
Altri autori: Bárta, Václav
Natura: Capitolo di libro
Lingua:slovacco
Soggetti:
Tags: Aggiungi Tag
Nessun Tag, puoi essere il primo ad aggiungerne!!

MARC

LEADER 00000nla a2200000 4500
001 0179261
005 20221104122844.4
041 0 |a slo 
044 |a SK 
245 1 0 |a Aktualizácia regionálnych inovačných dokumentov Trnavského kraja  |c Štefan Hičák, Václav Bárta 
520 |a Analýza ekonomickej a sociálnej situácie v Trnavskom kraji. Významné spoločnosti v jednotlivých odvetviach priemyslu v TT kraji. Zamestnanosť. Stratégia rozvoja inovačných aktivít v regióne. 
610 2 0 |a Slovensko 
610 2 0 |a rozvoj regionálny 
610 2 0 |a stratégia inovačná 
610 2 0 |a stratégia investičná 
610 2 0 |a zamestnanosť 
610 2 0 |a politika regionálna 
100 1 |a Hičák, Štefan, 1983- 
700 1 |a Bárta, Václav